Loading...
Moral authority, men of science, and the Victorian novel
How did Victorian novelists including Eliot, Hardy and Wells respond to contemporary men of science who aligned scientific practice with moral excellence in an endeavor to secure cultural authority for their discipline? Anne DeWitt argues that novelists came to reject this alignment, denying that sc...
| Main Author: | |
|---|---|
| Format: | Printed Book |
| Published: |
Cambridge
Cambridge University Press
2013
|
| Subjects: |
| LEADER | 00996nam a22001577a 4500 | ||
|---|---|---|---|
| 999 | |c 77872 |d 77872 | ||
| 020 | |a 9781316600948 | ||
| 082 | |a 823.809355 |b DEW | ||
| 100 | |a DeWitt, Anne | ||
| 245 | |a Moral authority, men of science, and the Victorian novel | ||
| 260 | |a Cambridge |b Cambridge University Press |c 2013 | ||
| 300 | |a ix, 273 pages |b 24cm | ||
| 520 | |a How did Victorian novelists including Eliot, Hardy and Wells respond to contemporary men of science who aligned scientific practice with moral excellence in an endeavor to secure cultural authority for their discipline? Anne DeWitt argues that novelists came to reject this alignment, denying that science held widely accessible moral benefits. | ||
| 650 | |a English fiction -- 19th century -- History and criticism. Literature and science -- Great Britain -- History -- 19th century. | ||
| 942 | |c BK | ||
| 952 | |0 0 |1 0 |4 0 |6 823_809355000000000_DEW |7 0 |9 91316 |a ENG |b ENG |d 2019-01-05 |l 0 |o 823.809355 DEW |p ENG14893 |r 2019-01-05 |w 2019-01-05 |y BK | ||